000 00347nam a22001457a 4500
008 250806b |||||||| |||| 00| 0 eng d
020 _a8185614466
050 _aHD 53.7
_b.M85
100 _aMULLINGS LAURIE
245 _aMANAGEMENT AND ORGANIZATIONAL BEHAVIOUR
250 _a2nd
260 _bA.H. WHEELER
_c1998
300 _a162p.
942 _cBK
999 _c4436
_d4436